Statistics for 現在のetSETOra停車駅

Click here to take the quiz!

General Stats

  • This quiz has been taken 14 times
  • The average score is 6 of 7

Answer Stats

上り時刻駅名% Correct
9:32広島
100%
10:23
100%
12:18三原
100%
12:32尾道
93%
11:31竹原
79%
11:13安芸津
57%
11:42忠海
57%

Score Distribution

Percentile by Number Answered

Percent of People with Each Score

Your Score History

You have not taken this quiz